Administrative behavior : a study of decision-making processes in administrative organization

Αποθηκεύτηκε σε:
Λεπτομέρειες βιβλιογραφικής εγγραφής
Κύριος συγγραφέας: Simon, Herbert A. (Herbert Alexander), 1916-2001
Μορφή: Βιβλίο
Γλώσσα:English
Δημοσίευση: New York : The Free Press, 1976
Έκδοση:3rd ed.
Θέματα:
Ετικέτες: Προσθήκη ετικέτας
Δεν υπάρχουν, Καταχωρήστε ετικέτα πρώτοι!

MARC

LEADER 00000cam a2200000 i 4500
001 1/31027
008 960315s1976 eng d
035 |l 10023507 
040 |a GR-MY-UA  |b gre  |e aacr 
041 0 |a eng 
082 0 |a 658.4 
100 1 |a Simon, Herbert A.   |q (Herbert Alexander),   |d 1916-2001. 
245 1 0 |a Administrative behavior : a study of decision-making processes in administrative organization 
250 |a 3rd ed. 
260 |a New York :   |b The Free Press,   |c 1976 
300 |a 364 p. 
500 |a With a foreword by Chester I. Barnard 
650 0 0 |a Management. 
650 0 0 |a Decision making. 
852 |a INST  |b CHIOS  |e 19960315  |h 658.4 SIM  |p 005200004453  |q 005200004453  |t BK  |y 4  |x 20120518 
909 |a Χ  |b 009139